=LDR 00000nam 2200000 4500 =001 INLIS000000000030509 =005 20130612132640 =008 ***********************************ind** =035 ##$$a0010-061300000030509 =041 ##$$a ind =082 ##$$a 2x4.12 =090 ##$$a 2x4.12, SYA r =100 ##$$a Sya'di, Khalid Abu =245 ##$$a Rasanya baru kali ini aku shalat, Merasakan ulang kenikmatan shalat yang mungkin telah bertahun-tahun terlalui tanpa rasa, Khalid Abu Sya'di =260 ##$$a 2008 $b Jakarta =300 ##$$a xxiv, 144 hlm., 21 cm =650 ##$$a Ibadah Shalat =850 ##$$a NBPNMAT =990 ##$$a 21400613/BPAP-NTB/20142014